| 000 | 00651nam a22002177a 4500 | ||
|---|---|---|---|
| 003 | OSt | ||
| 005 | 20180116183018.0 | ||
| 008 | 151027b xxu||||| |||| 00| 0 eng d | ||
| 020 | _a9788131520963 | ||
| 040 | _c0 | ||
| 082 | _a658.3 NKO 2011 | ||
| 100 | _aNkomo Fottler Mc Afee | ||
| 245 |
_aHuman Resource Management Applications: _bCases Exercises, Incidents,and Skill Builders _cNkomo Fottler Mc Afee |
||
| 250 | _a7th Ed. | ||
| 260 |
_aIndia _bCengage learning _c2011 |
||
| 300 |
_a308 p. _bPB |
||
| 440 | _aHuman Resource Management Applications: | ||
| 600 | _aNkomo Fottler Mc Afee | ||
| 700 | _aNkomo Fottler Mc Afee | ||
| 942 |
_2ddc _cBK |
||
| 999 |
_c350484 _d350484 |
||